Agricultural policies in transition economies monitoring and evaluation 1997

Salvato in:
Dettagli Bibliografici
Natura: Libro
Lingua:inglese
Pubblicazione: Paris OECD 1997
Soggetti:
Tags: Aggiungi Tag
Nessun Tag, puoi essere il primo ad aggiungerne!!

MARC

LEADER 00000nam a2200000 4500
001 c117860
005 20251216123120.6
020 |a 92-64-15587-2 
041 0 |a eng 
044 |a FR 
245 1 0 |a Agricultural policies in transition economies  |b monitoring and evaluation 1997 
264 1 |a Paris  |b OECD  |c 1997 
300 |a 235 s. 
610 2 0 |a poľnohospodárstvo 
610 2 0 |a politika poľnohospodárska 
610 2 0 |a SVE 
610 2 0 |a transformácia